000 00588cam a2200193 a 4500
999 _c7764
_d7764
001 398
003 BD-DhUAP
005 20210201111718.0
008 210201s1994 enk b f000 0 eng
040 _aBD-DhUAP
_cBD-DhUAP
_dBD-DhUAP
_bEng
082 _a428.24 HIL
_223
100 _aHill, L. A.
245 _aFurther comprehension and precis pieces for overseas students /
_cL. A. Hill and R. D. S. Fielden.
260 _aLondon :
_bLongmans,
_cc1961.
300 _a85 pages ;
_c18 cm.
650 _aEnglish language
_vStudy and teaching.
700 _aFielden, R. D. S.
942 _2ddc
_cBK